000 00679nam a2200253Ia 4500
001 35099
005 20240114001800.0
007 ta
008 070312s2001 a g b000 u asm u
040 _aCotton College,Assam
041 _aasm
082 _a891.41409
_bHU 963 Ch
100 _aHussain, Ismail .
245 0 _aChar Chaporir Samaj Sameeksha /
_cIsmail Hussain.
_hTextual Documents
250 _a1st ed. /
260 _aJorhat :
_bAsam Sahitya Sabha ,
_c2001.
300 _a108p. :
_bill ;
_c22cm .
653 _aAssamese Essays-Criticism
653 _aG-Assamese
942 _2ddc
_cBK
999 _c35081
_d35081